Statistics for Top 10 most important and famous people from Territories of USA

Click here to take the quiz!

General Stats

  • This quiz has been taken 23 times
  • The average score is 5 of 10

Answer Stats

HintAnswer% Correct
Actor famous for his role in JokerJoaquin Phoenix
80%
Basketball player who played his entire career for San Antonio Spurs. 5 times winner of NBATim Duncan
67%
Singer, Bombon, GasolinaDaddy Yankee
60%
Actor famous for his roles in 21 Grams and TrafficBenicio del Toro
53%
Singer, DespacitoLuis Fonsi
53%
Baseball player who played 18 seasons in MLB for Pittsburgh Pirates in 1960sRoberto Clemente
47%
Singer, Titi Me Pregunto, Me Porto BonitoBad Bunny
40%
Singer, María, La Bomba, La Copa De La VidaRicky Martin
40%
Actress famous for his roles in West Side Story and Slums of Beverly HillsRita Moreno
40%
Singer, Se Preparó, Hey MorOzuna
13%

Score Distribution

Percentile by Number Answered

Percent of People with Each Score

Your Score History

You have not taken this quiz